000 00704nam a2200289Ia 4500
005 20260324123806.0
008 008 260324s9999 xx 000 0 eng d
020 _a9781351278843
037 _aEBOOK
040 _aCRL
040 _beng
040 _cCRL
041 _2eng
041 _aeng
084 _qCRL
100 _aLars Moratis; Timo Cochius
_91171665
245 0 _aISO 26000
245 4 _bThe Business Guide to the New Standard on Social Responsibility
260 _bTaylor and Francis
260 _c2011
365 _a
365 _b215
856 _uhttp://www.taylorfrancis.com/books/9781351278843
942 _cEBOOK
999 _c1765489
_d1765489